Seismic Pressure Of Water On Hydraulic Structures / (Record no. 26987)

000 -LEADER
fixed length control field 01091nam a22002657a 4500
001 - CONTROL NUMBER
control field 0000001962
003 - CONTROL NUMBER IDENTIFIER
control field PPM
005 - DATE AND TIME OF LATEST TRANSACTION
control field 20251127133905.0
008 - FIXED-LENGTH DATA ELEMENTS--GENERAL INFORMATION
fixed length control field 251127b ||||| |||| 00| 0 eng d
020 ## - INTERNATIONAL STANDARD BOOK NUMBER
International Standard Book Number 9061914809
Terms of availability RM 107.89
Qualifying information Hardback
035 ## - SYSTEM CONTROL NUMBER
System control number 0000001962
040 ## - CATALOGING SOURCE
Original cataloging agency PPM
Language of cataloging Eng
Transcribing agency Pusat Penyelidikan Mineral, Jabatan Mineral Dan Geosains Malaysia
Modifying agency PPM
Description conventions rda
082 00 - DEWEY DECIMAL CLASSIFICATION NUMBER
Edition number 19
Classification number 627.8
Item number SHU 1987
100 1# - MAIN ENTRY--PERSONAL NAME
Personal name Shulʹman, S. G.
Relator term author
Fuller form of name (Sergeĭ Georgievich)
245 10 - TITLE STATEMENT
Title Seismic Pressure Of Water On Hydraulic Structures /
Statement of responsibility, etc. by S. G. Shulʼman
260 #1 - PUBLICATION, DISTRIBUTION, ETC.
Place of publication, distribution, etc. Rotterdam :
Name of publisher, distributor, etc. A. A. Balkema,
Date of publication, distribution, etc. 1987
300 00 - PHYSICAL DESCRIPTION
Extent xiii, 184 pages .:
Other physical details illustrations .;
Dimensions 24 cm
440 0# - SERIES STATEMENT/ADDED ENTRY--TITLE
Title Russian translations series
Volume/sequential designation volume 48
500 ## - GENERAL NOTE
General note Title on t.p. verso: Seismicheskoe [sic] davlenie vody na gidrotekhnicheskie sooruzhenii [sic]
504 ## - BIBLIOGRAPHY, ETC. NOTE
Bibliography, etc. note Includes bibliographical references (p.: 173 - 184 )
650 10 - SUBJECT ADDED ENTRY--TOPICAL TERM
Topical term or geographic name entry element Hydraulic structures
General subdivision Earthquake effects.
650 20 - SUBJECT ADDED ENTRY--TOPICAL TERM
Topical term or geographic name entry element Hydrodynamics
740 #0 - ADDED ENTRY--UNCONTROLLED RELATED/ANALYTICAL TITLE
Uncontrolled related/analytical title Seĭsmicheskoe davlenie vody na gidrotekhnicheskie sooruzhenii︠a︡.
942 ## - ADDED ENTRY ELEMENTS (KOHA)
Source of classification or shelving scheme
Koha item type Books
Holdings
Withdrawn status Lost status Source of classification or shelving scheme Damaged status Not for loan Collection code Permanent Location Current Location Shelving location Date acquired Cost, normal purchase price Total Checkouts Full call number Date last seen Price effective from Koha item type
Available         Open Shelf PPM PPM Open Shelf 27/11/2025 107.89   627.8 SHU 1987 27/11/2025 27/11/2025 Books